| 000 | 00780cam a22002295a 4500 | ||
|---|---|---|---|
| 001 | 1198053 | ||
| 008 | 980505t1998 maua frb 001 0 eng d | ||
| 020 | _a0201325829 | ||
| 020 | _a9780201325829 | ||
| 040 |
_aDLC _cDLC _dDLC _dEG-ScBUE _beng |
||
| 082 | 0 | 4 |
_222 _a005.2762 _bLAN |
| 100 | 1 | _aLange, Danny B. | |
| 245 | 1 | 0 |
_aProgramming and deploying Java mobile agents with Aglets / _cDanny B. Lange, Mitsuru Oshima. |
| 260 |
_aReading : _bAddison-Wesley, _cc.1998. |
||
| 300 |
_axxiv, 225 p. : _bill. ; _c24 cm. |
||
| 504 | _aIncludes bibliographical references and index. | ||
| 650 | 7 |
_aMobile agents (Computer software) _2BUEsh |
|
| 650 | 7 |
_aJava (Computer program language) _2BUEsh _93407 |
|
| 653 |
_bGGEN _bCOMSCI _cJanuary2018 |
||
| 700 | 1 | _aOshima, Mitsuru. | |
| 942 | _2ddc | ||
| 999 |
_c25856 _d25828 |
||